000 01765nam a2200517 i 4500
001 44004
003 KOSZ 005
005 20220505123016.0
008 031022s2003 pl a |001 0 pol
015 _aUWD 2003/17277
020 _a8372433046
035 _a991021675069705066
035 _a(PL-WaBN)b15857815-48omnis_nlop
035 _ab15857815
035 _a(OCoLC)830520961
035 _a(PL)b0000001585781
035 _a(EXLNZ-48OMNIS_NETWORK)9910275101105606
040 _aWA N
_cWA N
_dKOSZ 005/HR
041 0 _apol
_heng
046 _k2002
080 _a004.451
080 _a(07)
100 1 _aFrisch, Æleen
_eAutor
245 1 0 _aUNIX - administracja systemu /
_cÆleen Frisch ; [tł. Katarzyna Tryc, Janusz Machowski].
246 1 _iTyt. oryg.:
_aEssential system administration,
_f2002
260 _aWarszawa :
_b"RM",
_ccop. 2003.
300 _aXXIV, 1159, [1] s. :
_bil. ;
_c24 cm.
336 _aTekst
_btxt
_2rdacontent
337 _aBez urządzenia pośredniczącego
_bn
_2rdamedia
338 _aWolumin
_bnc
_2rdacarrier
380 _aKsiążki
388 _a2001-
500 _aU góry okł.: Narzędzia i techniki administrowania Linuksem i Uniksem. Inf. o wyd. dotyczy oryg.
504 _aIndeks.
650 7 _aSystemy operacyjne
_2DBN
650 7 _aUNIX
_2DBN
650 7 _aLinux
655 7 _aPodręcznik
_2DBN
658 _aInformatyka i technologie informacyjne
700 1 _aMachowski, Janusz
_eTłumaczenie
700 1 _aTryc, Katarzyna
_eTłumaczenie
710 2 _aWydawnictwo RM
_4pbl
856 _uhttp://koha.tu.koszalin.pl/cgi-bin/koha/opac-detail.pl?biblionumber=44004
_yKatalog online BPK
942 _2UKD
_cKS
999 _c44004
_d44004